00832 2200301 4500001002100000005001500021035002000036007000300056040001700059100002900076245007300105250001200178300003600190020002200226041000800248082000800256084001400264090002300278264003800301336002100339337003000360338002300390650001400413700003600427850001000463008004100473990001600514INLIS00000000000844420260520022156 a0010-0922000933ta aSBPUPADbInd0 aNadia CahyaniePengarang1 aSurat Berdarah Untuk Presiden /cNadia Cahyani; editor, Pipiet Senja a.-cet.1 a400 hlm. :bilus. ;c14x20,5 cm a978-979-063-611-807aInd a813 a813 NAD s a616.99 PIS p L18-3 a.--Jakarta :bLini Jendela,c2010 2rdacontentateks 2rdamediaatanpa perantara 2rdacarrieravolume 4aInspirasi aeditor, Pipiet SenjaePengarang aPUPAD260520 1  a00000022363